| 000 | 00618nam a2200241Ia 4500 | ||
|---|---|---|---|
| 003 | OSt | ||
| 005 | 20221005100101.0 | ||
| 006 | a|||||r|||| 00| 0 | ||
| 007 | ta | ||
| 008 | 221004b |||||||| |||| 00| 0 mar d | ||
| 024 | _a40232 | ||
| 037 | _cTextual | ||
| 040 |
_aCRL _cCRL _bmar |
||
| 041 |
_2mar _amar |
||
| 082 | _aO155,2:g, J5 | ||
| 100 |
_aSathey V.D. _9620673 |
||
| 245 | 0 | _aMarathi natyarachna | |
| 260 |
_aPune _bIndia _c1948 |
||
| 300 |
_a463p. _ccm. |
||
| 650 |
_aMARATHI LITERATURE _938000 |
||
| 942 |
_hO155,2:g, J5 _cTEXL _2cc |
||
| 999 |
_c1004617 _d1004617 |
||